La medicina dei faraoni

محفوظ في:

المؤلف الرئيسي: .

التنسيق: كتاب

اللغة: Undetermined

منشور في: cairo 2013

الوسوم: إضافة وسم

لا توجد وسوم, كن أول من يضع وسما على هذه التسجيلة!

رقم الطلب: R137.d3412

LEADER 00466nam a2200145Ia 4500
008 230909s9999||||xx |||||||||||||| ||und||
050 4 |a R137.d3412 
100 1 |a . 
245 1 0 |a La medicina dei faraoni  
264 1 |a cairo  |c 2013 
300 |c 23cm 
504 |a C. Daglio teaches at the University of Turin  
942 |2 lcc  |c BK 
952 |0 0  |1 0  |2 lcc  |4 0  |6 R0137 D3412  |7 1  |9 50002  |a ARCE  |b ARCE  |d 2023-09-09  |l 0  |o R137.d3412  |p 1039042  |r 2023-09-09 00:00:00  |w 2023-09-09  |y BK 
999 |c 54625  |d 54625